000 01320nam a22001937a 4500
005 20251029090432.0
008 s2511 th tha d
040 _aNALT
041 _atha
050 _aDS 570.3
_bก1ห3 2511
245 0 0 _aหนังสือที่ระลึกถึงรอบ 100 ปี แห่งวันสวรรคตพระบาทสมเด็จพระจอมเกล้าเจ้าอยู่หัว และวันเสวยราชย์พระบาทสมเด็จพระจุลจอมเกล้าเจ้าอยู่หัว ทรงพระกรุณาโปรดเกล้าฯ ให้พิมพ์พระราชทาน 1 ตุลาคม 2511.
260 _aพระนคร :
_bโรงพิมพ์ท่าพระจันทร์,
_c2511.
300 _a210 หน้า :
_bภาพประกอบ
600 0 0 _aจอมเกล้าเจ้าอยู่หัว,
_cพระบาทสมเด็จพระ,
_d2347-2411
_911347
600 0 0 _aจุลจอมเกล้าเจ้าอยู่หัว,
_cพระบาทสมเด็จพระ,
_d2396-2453
_94399
850 _aNALT
856 4 0 _uhttps://hdl.handle.net/20.500.14156/444322
942 _cRRB
_2lcc
999 _c2007
_d2007
998 _j4612
_k นางสาววัลยา พุ่มต้นวงค์